2018 Chicago Cubs Roster - Statistics

General Stats
  • This quiz has been taken 104 times
    89 since last reset
  • The average score is 14 of 32
Answer Stats
# Player % Correct
44 Anthony Rizzo
100%
9 Javier Baez
99%
17 Kris Bryant
97%
34 Jon Lester
86%
22 Jason Heyward
85%
40 Willson Contreras
78%
27 Addison Russell
77%
28 Kyle Hendricks
76%
12 Kyle Schwarber
72%
18 Ben Zobrist
65%
5 Albert Almora Jr
62%
8 Ian Happ
58%
11 Yu Darvish
55%
46 Pedro Strop
50%
6 Carl Edwards Jr
46%
62 Jose Quintana
45%
38 Mike Montgomery
45%
7 Victor Caratini
36%
2 Tommy La Stella
35%
15 Brandon Morrow
28%
52 Cole Hamels
27%
21 Tyler Chatwood
27%
37 Justin Wilson
18%
41 Steve Cishek
15%
20 Brandon Kintzler
11%
32 Brian Duensing
8%
24 Alec Mills
7%
36 Dillon Maples
7%
77 Randy Rosario
5%
11 Drew Smyly
4%
29 Rob Zastryzny
1%
20 Mark Zagunis
0%
No matching quizzes found
Score Distribution
Percent of People with Each Score
Percentile by Number Answered
Your Score History
You have not taken this quiz since the last reset